Clic Quel prix a reçu ce film ? Ours, palme ou lion d'or ? 2001-2024 - Statistiques

Statistiques générales
  • Ce quiz a été pris 24 fois
  • Le résultat moyen est 46 sur 71
Statistiques - réponses
Hint Extra Hint Réponse % Correct
2019 - Parasite Bong Joon-ho Palme d'or
95%
2004 - Fahrenheit 9/11 Michael Moore Palme d'or
90%
2023 - Anatomie d'une chute Justine Triet Palme d'or
90%
2012 - Amour Michael Haneke Palme d'or
90%
2003 - Elephant Gus Van Sant Palme d'or
90%
2013 - La Vie d'Adèle Abdellatif Kechiche Palme d'or
85%
2022 - Sans filtre Ruben Östlund Palme d'or
85%
2002 - Le Pianiste Roman Polanski Palme d'or
85%
2006 - Le vent se lève Ken Loach Palme d'or
85%
2007 - Le Mariage de Tuya Wang Quan'an Ours d'or
80%
2018 - Le Livre d'image Jean-Luc Godard Palme d'or
80%
2017 - The Square Ruben Östlund Palme d'or
80%
2008 - Entre les murs Laurent Cantet Palme d'or
80%
2011 - The Tree of Life Terrence Malick Palme d'or
80%
2007 - Quatre mois, trois semaines, deux jours Cristian Mungiu Palme d'or
80%
2021 - Titane Julia Ducournau Palme d'or
80%
2016 - Moi, Daniel Blake Ken Loach Palme d'or
80%
2005 - Le Secret de Brokeback Mountain Ang Lee Lion d'or
75%
2010 - Miel Semih Kaplanoğlu Ours d'or
75%
2015 - Dheepan Jacques Audiard Palme d'or
75%
2001 - La Chambre du fils Nanni Moretti Palme d'or
75%
2009 - Le Ruban blanc Michael Haneke Palme d'or
75%
2018 - Une affaire de famille Hirokazu Kore-eda Palme d'or
75%
2018 - Roma Alfonso Cuarón Lion d'or
70%
2013 - Mère et Fils Călin Peter Netzer Ours d'or
70%
2022 - Nos soleils
Carla Simón Ours d'or
70%
2005 - L'Enfant Luc et Jean-Pierre Dardenne Palme d'or
70%
2010 - Oncle Boonmee, celui qui se souvient de ses vies antérieures Palme d'or
70%
2019 - Joker Todd Phillips Lion d'or
65%
2023 - Pauvres Créatures Yórgos Lánthimos Lion d'or
65%
2020 - Nomadland Chloé Zhao Lion d'or
65%
2014 - Black Coal Diao Yi'nan Ours d'or
65%
2023 - Sur l'Adamant Nicolas Philibert Ours d'or
65%
2003 - Bloody Sunday Paul Greengrass Ours d'or
65%
2014 - Winter Sleep Nuri Bilge Ceylan Palme d'or
65%
2024 - Anora Sean Baker Palme d'or
65%
2014 - Un pigeon perché sur une branche philosophait sur l'existence Roy Andersson Lion d'or
60%
2017 - La Forme de l'eau Guillermo del Toro Lion d'or
60%
2015 - Taxi Téhéran Jafar Panahi Ours d'or
60%
2018 - Touch Me Not Adina Pintilie Ours d'or
60%
2019 - Synonymes Nadav Lapid Ours d'or
60%
2024 - Dahomey Mati Diop Ours d'or
60%
2017 - Corps et Âme Ildikó Enyedi Ours d'or
60%
2022 - Toute la beauté et le sang versé Laura Poitras Lion d'or
55%
2007 - Lust, Caution Ang Lee Lion d'or
55%
2013 - Sacro GRA Gianfranco Rosi Lion d'or
55%
2003 - Le Retour Andreï Zviaguintsev Lion d'or
55%
2010 - Somewhere Sofia Coppola Lion d'or
55%
2021 - L'Événement Audrey Diwan Lion d'or
55%
2006 - Still Life Jia Zhangke Lion d'or
55%
2015 - Les Amants de Caracas Lorenzo Vigas Lion d'or
55%
2006 - Sarajevo, mon amour Jasmila Žbanić Ours d'or
55%
2005 - Carmen de Khayelitsha Mark Dornford-May Ours d'or
55%
2020 - Le diable n'existe pas Mohammad Rasoulof Ours d'or
55%
2021 - Bad Luck Banging or Loony Porn Radu Jude Ours d'or
55%
2012 - Pieta Kim Ki-duk Lion d'or
50%
2008 - The Wrestler Darren Aronofsky Lion d'or
50%
2004 - Vera Drake Mike Leigh Lion d'or
50%
2011 - Faust Alexandre Sokourov Lion d'or
50%
2009 - Fausta Claudia Llosa Ours d'or
50%
2008 - Troupe d'élite José Padilha Ours d'or
50%
2012 - César doit mourir Paolo et Vittorio Taviani Ours d'or
50%
2001 - Intimité Patrice Chéreau Ours d'or
50%
2016 - La Femme qui est partie Lav Diaz Lion d'or
45%
2002 - The Magdalene Sisters Peter Mullan Lion d'or
45%
2001 - Le Mariage des moussons Mira Nair Lion d'or
45%
2016 - Fuocoammare Gianfranco Rosi Ours d'or
45%
2004 - Head-On Fatih Akın Ours d'or
45%
2002 - Le Voyage de Chihiro Hayao Miyazaki Ours d'or
45%
2011 - Une séparation Asghar Farhadi Ours d'or
40%
2009 - Lebanon Samuel Maoz Lion d'or
35%
Aucun quiz correspondant
Distribution des résultats
% des personnes avec chaque résultat
Percentile par nombre de réponses
Votre historique - résultats
Vous n’avez pas pris ce quiz